[Event "Vicente Lopez ProAm 100 Years op"]
[Site "Buenos Aires"]
[Date "2022.10.12"]
[Round "2"]
[White "Herrera, Martin"]
[Black "Zeta, Rodrigo"]
[Result "1/2-1/2"]
[WhiteElo "2198"]
[BlackElo "1848"]
[PlyCount "114"]
[EventDate "2022.10.11"]
[EventType "swiss"]
[EventRounds "9"]
[EventCountry "ARG"]
[SourceTitle "CBM 210 Extra"]
[Source "ChessBase"]
[SourceDate "2022.11.30"]
[SourceVersion "1"]
[SourceVersionDate "2022.11.30"]
[SourceQuality "1"]

1. Nf3 Nf6 2. c4 c6 3. g3 d5 4. Bg2 e6 5. 0-0 Be7 6. d4 0-0 7. Nc3 Nbd7 8. Qd3 b6 9. e4 dxc4 10. Qxc4 Bb7 11. e5 Nd5 12. Nxd5 cxd5 13. Qa4 a5 14. Re1 Ba6 15. Qd1 Rc8 16. Bf4 Qc7 17. Rc1 Qb7 18. h4 Rxc1 19. Bxc1 Rc8 20. Bd2 Qc6 21. Bc3 b5 22. Ng5 Bxg5 23. hxg5 b4 24. Bd2 Qc2 25. Be3 Qxd1 26. Rxd1 Rc2 27. Rd2 Rxd2 28. Bxd2 Bc4 29. a3 bxa3 30. bxa3 a4 31. Ba5 Kf8 32. f4 Nb8 33. Kf2 Nc6 34. Bb6 Ke7 35. Ke3 Kd7 36. g4 g6 37. Bf3 Nb4 38. Kd2 Nd3 39. f5 Kc6 40. Ba5 Kb5 41. Bd8 Nf4 42. Be7 Nd3 43. Bf8 Nf4 44. Bd1 Bb3 45. Bf3 Bc4 46. Ke3 Nd3 47. Bd1 Nb2 48. Bf3 Nd3 49. Be7 Nb2 50. Bb4 Nd3 51. Bc3 Nc1 52. Bb2 Nd3 53. Bc3 Nc1 54. Bd2 Nb3 55. Bc3 Nc1 56. Kd2 Nb3+ 57. Ke3 Nc1 1/2-1/2

[Event "Monte Grande Fasgba U2200 14th"]
[Site "Monte Grande"]
[Date "2017.06.17"]
[Round "3.2"]
[White "Barrientos Medina, Juan Carlos"]
[Black "Zeta, Rodrigo"]
[Result "1/2-1/2"]
[WhiteElo "1977"]
[BlackElo "1848"]
[PlyCount "47"]
[EventDate "2017.06.16"]
[EventType "swiss"]
[EventRounds "6"]
[EventCountry "ARG"]
[SourceTitle "EXT 2024"]
[Source "ChessBase"]
[SourceDate "2023.10.10"]
[SourceVersion "1"]
[SourceVersionDate "2023.10.10"]
[SourceQuality "1"]

1. e4 c5 2. Nc3 g6 3. f4 Bg7 4. Nf3 Nc6 5. Bc4 e6 6. 0-0 Nge7 7. d3 d5 8. Bb3 0-0 9. f5 c4 10. dxc4 Qb6+ 11. Kh1 dxe4 12. f6 Bxf6 13. Nxe4 Bg7 14. Qe1 Nf5 15. c3 Na5 16. g4 Nxb3 17. axb3 Ne7 18. Qh4 f5 19. Qxe7 fxe4 20. Be3 Qxe3 21. Ne5 Bd7 22. Qxd7 Rfe8 23. Qf7+ Kh8 24. Nd7 1/2-1/2

[Event "Pan American-ch U2000"]
[Site "Carilo Village"]
[Date "2016.10.25"]
[Round "1"]
[White "Zeta, Rodrigo"]
[Black "Ramirez, Marysol"]
[Result "1/2-1/2"]
[WhiteElo "1877"]
[BlackElo "1731"]
[PlyCount "63"]
[EventDate "2016.10.25"]
[EventType "swiss"]
[EventRounds "9"]
[EventCountry "ARG"]
[SourceTitle "EXT 2022"]
[Source "ChessBase"]
[SourceDate "2021.10.06"]
[SourceVersion "1"]
[SourceVersionDate "2021.10.06"]
[SourceQuality "1"]

1. e4 c5 2. c3 d6 3. d4 cxd4 4. cxd4 Nf6 5. Nc3 g6 6. Nf3 Bg7 7. Be2 0-0 8. h3 b6 9. Be3 Bb7 10. Nd2 Nc6 11. 0-0 Nd7 12. Nc4 a6 13. a4 Rc8 14. f4 Nb4 15. Qb3 a5 16. Bg4 d5 17. Ne5 e6 18. Nxd7 Qxd7 19. e5 Ba6 20. Rf2 Bc4 21. Qd1 Qc6 22. Be2 Bxe2 23. Rxe2 Qc4 24. Nb5 Qd3 25. Qxd3 Nxd3 26. Rd2 Nb4 27. Nd6 Rc6 28. Ra3 Rd8 29. Rc3 Bf8 30. Rxc6 Nxc6 31. Nb5 Bb4 32. Rd1 1/2-1/2

[Event "Buenos Aires-D"]
[Site "Buenos Aires"]
[Date "2012.01.28"]
[Round "9"]
[White "Zeta, Rodrigo"]
[Black "Munoz, Francisco Javier"]
[Result "0-1"]
[WhiteElo "1998"]
[BlackElo "1934"]
[PlyCount "74"]
[EventDate "2012.01.23"]
[EventType "tourn"]
[EventRounds "9"]
[EventCountry "ARG"]
[SourceTitle "EXT 2014"]
[Source "ChessBase"]
[SourceDate "2013.11.20"]
[SourceVersion "1"]
[SourceVersionDate "2013.11.20"]
[SourceQuality "1"]

1. e4 d5 2. exd5 Qxd5 3. d4 Nf6 4. c4 Qd8 5. Nf3 Bg4 6. Be2 e6 7. 0-0 Be7 8. Nc3 0-0 9. h3 Bh5 10. Qb3 Qc8 11. Bf4 Bd6 12. Ne5 Bxe2 13. Nxe2 Nbd7 14. Nxd7 Nxd7 15. Bxd6 cxd6 16. Nc3 Nf6 17. Rac1 Rd8 18. Rc2 Qd7 19. Rfc1 Rac8 20. Na4 a6 21. c5 dxc5 22. Nxc5 Qxd4 23. Qxb7 Rb8 24. Qxa6 Rxb2 25. Qa4 Rxc2 26. Qxc2 Rc8 27. Qc3 Qd5 28. Qe3 Qxa2 29. Rd1 Nd5 30. Qd4 Qc2 31. Nd7 Nc3 32. Re1 Ne2+ 33. Rxe2 Qxe2 34. Ne5 Qe1+ 35. Kh2 Qc3 36. Qf4 Qc7 37. Qe3 f6 0-1

[Event "Buenos Aires-D"]
[Site "Buenos Aires"]
[Date "2012.01.23"]
[Round "1"]
[White "Heinecke, Lucas Guillermo"]
[Black "Zeta, Rodrigo"]
[Result "1/2-1/2"]
[WhiteElo "1989"]
[BlackElo "1998"]
[PlyCount "40"]
[EventDate "2012.01.23"]
[EventType "tourn"]
[EventRounds "9"]
[EventCountry "ARG"]
[SourceTitle "EXT 2014"]
[Source "ChessBase"]
[SourceDate "2013.11.20"]
[SourceVersion "1"]
[SourceVersionDate "2013.11.20"]
[SourceQuality "1"]

1. Nf3 Nf6 2. c4 e6 3. g3 d5 4. d4 dxc4 5. Bg2 Nbd7 6. Qa4 Bd6 7. 0-0 0-0 8. Qxc4 Nb6 9. Qc2 Bd7 10. Nc3 Rc8 11. Rd1 Nbd5 12. e4 Nxc3 13. bxc3 Be7 14. Ne5 c5 15. dxc5 Rxc5 16. Nxd7 Nxd7 17. Be3 Ra5 18. e5 Qc7 19. f4 Bc5 20. Qf2 Rc8 1/2-1/2

[Event "Villa Martelli Pro Am op 11th"]
[Site "Villa Martelli"]
[Date "2004.11.04"]
[Round "1"]
[White "Malbran, Guillermo"]
[Black "Zeta, Rodrigo"]
[Result "1-0"]
[WhiteElo "2303"]
[BlackElo "1907"]
[PlyCount "46"]
[EventDate "2004.11.04"]
[EventType "swiss"]
[EventRounds "9"]
[EventCountry "ARG"]
[SourceTitle "CBM 103 Extra"]
[Source "ChessBase"]
[SourceDate "2005.01.01"]
[SourceVersion "1"]
[SourceVersionDate "2005.01.01"]
[SourceQuality "1"]

1. e4 e6 2. d4 d5 3. Nc3 dxe4 4. Nxe4 Nd7 5. Nf3 Ngf6 6. Bg5 h6 7. Bxf6 Nxf6 8. Nxf6+ Qxf6 9. Bb5+ c6 10. Bd3 Bd6 11. c3 0-0 12. Qe2 c5 13. 0-0 cxd4 14. cxd4 g6 15. Ne5 Bxe5 16. dxe5 Qe7 17. Be4 Bd7 18. Rfd1 Bc6 19. Bxc6 bxc6 20. Rd6 c5 21. Rc1 Rfd8 22. Qd2 Rxd6 23. exd6 Rd8 1-0